000 00331nam a22001337a 4500
020 _a978-81-8488-497-5
041 _aENG
100 _a Desai.V
245 _aThe Dynamics of Entrepreneurial Development and Management
260 _aMumbai
_bHimalaya Publishing House
_c2019
300 _a744
650 _a Economic
856 _uEnglish
999 _c49
_d49